000 00434nam a2200181Ia 4500
001 16603
005 20260306170321.0
008 260306t2021||||xx |||||||||||||| ||und||
041 _aESP
082 _a348.21
_bE88 2021
100 _aEspinoza Espinoza, Juan
_eAUT
245 0 _aDerecho de los consumidores
260 _c2021
300 _a847 páginas :
_c25 cm.
650 _aGEN
654 _aCDE
942 _cLIB
_dJUS
_fJUS
_2ddc
_n
999 _c16603
_d16603